Guess the 1960s song lyrics #3 - Statistics

General Stats
  • This quiz has been taken 33 times
  • The average score is 128 of 184
Answer Stats
Answer % Correct
a
96%
A
96%
I
96%
in
96%
so
96%
the
96%
to
96%
for
93%
is
93%
it
93%
It
93%
me
93%
there
93%
you
93%
And
89%
and
89%
if
89%
we
89%
We
89%
what
89%
What
89%
man
85%
that
85%
when
85%
day
81%
from
81%
going
81%
of
81%
over
81%
say
81%
your
81%
down
78%
got
78%
will
78%
with
78%
Are
74%
it's
74%
It's
74%
what's
74%
away
70%
Everybody
70%
look
70%
take
70%
There's
70%
think
70%
time
70%
you're
70%
But
67%
here
67%
Hey
67%
life
67%
our
67%
out
67%
people
67%
something
67%
their
67%
ain't
63%
Children
63%
come
63%
gun
63%
sound
63%
stop
63%
happening
59%
Into
59%
right
59%
Singing
59%
better
56%
carryin
56%
clear
56%
exactly
56%
Now
56%
signs
56%
songs
56%
street
56%
Telling
56%
Everybody
52%
heat
52%
Mostly
52%
much
52%
thousand
52%
wrong
52%
beware
48%
everybody's
48%
side
48%
afraid
44%
always
44%
behind
44%
being
44%
field
44%
hooray
44%
line
44%
nobody's
44%
deep
41%
Paranoia
41%
Young
41%
battle
37%
creep
37%
drawn
37%
getting
37%
lines
37%
minds
37%
resistance
37%
Step
37%
strikes
37%
starts
33%
speaking
30%
stopped
30%
No matching quizzes found
Score Distribution
Percent of People with Each Score
Percentile by Number Answered
Your Score History
You have not taken this quiz